| 000 | 01077nam a2200205 4500 | ||
|---|---|---|---|
| 008 | 070731s2004 cc 000 0 chi d | ||
| 020 | _a7221067236 RMB20/Php128 | ||
| 090 |
_aDS666.C5 _bR29f |
||
| 100 | 1 | _aRen, Nuo. | |
| 245 | 1 | 0 |
_aFeilèubin she hui sheng huo zhong de Hua ren (1935-1965) {ch} : _bcong zu ji guan xi de jiao du suo zuo de tan suo = The Chinese in Philippine social life, 1935-1965 : a study at the angle of ethnic relationsip between Chinese and Filipino / _cRen Nuo zhu. |
| 246 | 3 | 1 |
_aChinese in Philippine social life, 1935-1965 : _ba study at the angle of ethnic relationship between Chinese and Filipino. |
| 260 |
_aGuiyang Shi : _bGuizhou ren min chu ban she, _c2004. |
||
| 300 |
_a2, 2, 3, 157 p. ; _c20 cm. |
||
| 504 | _aIncludes bibliographical references. | ||
| 546 | _aAbstract and table of contents also in English. | ||
| 650 | 4 |
_aChinese _zPhilippines _xSocial conditions {ch}. |
|
| 651 | 4 |
_aPhilippines _xEthnic relations {ch}. |
|
| 951 |
_pC-8580 _x00035259 _oSP-C FILCHDS666.C5/R29f _j070727164954375 _d2000-12-21 _cSP-C FILCH |
||
| 999 |
_c29695 _d29695 |
||